000 00880nam0a22002531 4500
001 rc\4562791
005 20130416185043.6
035 _a(NLR Aleph) 008370718
090 _a9056009
_c9056009
100 _a20130416d1968 |||y0rusy50 ca
101 0 _arus
102 _aRU
105 _aa z |||||
200 1 _aРоликовый склиз к дисковой механической пиле
_f... ГосИНТИ
210 _aМосква
_cБ. и.
_d1968
215 _a3 с.
_cчерт.
_d21
225 1 _aПередовой научно-технический и производственный опыт
_v№ 11-68-1251/61
300 _aАвт. указан на 1-й с. текста
700 1 _aЛяхов
_bВ. Л.
_gВиктор Лукьянович
801 0 _aRU
_bNLR
_gpsbo
801 1 _aRU
_bELAR
_2rusmarc
852 _aNLR
_jП11/2295
942 _cBOOK
980 _aNB